000 00897nam a22002417a 4500
999 _c7035
_d7035
003 AR-CdUCM
008 190319b ||||| |||| 00| 0 spa d
040 _aMUNICIPALIDAD PROVINCIAL DEL CUSCO
_cBIBLIOTECA MUNICIPAL DEL CUSCO
041 _heng
082 _a635 /
_bK46
100 _aKidner, A. W.
_919824
245 _aEspárragos /
260 _aMéxico :
_bContinental,
_c1965.
300 _a199 paginas ;
_bIlustraciones,
_c23 cm.
500 _aTitulo original : Asparagus
505 _aHistoria y distribución del esparrago -- Su cultivo en diferentes países -- Notas botánicas y la ley de la herencia -- Cultivo de espárragos : la producción de coronas...
650 _aEspárragos
_919825
650 _aCultivo del esparrago
_919826
650 _aProducción comercial
_919827
700 _aBlackaller Valdes, Alonso (Traductor)
_919828
942 _2ddc
_cLIBROS
945 _awnts